| 000 | 00774nam a22002531a 4500 | ||
|---|---|---|---|
| 001 | 27783 | ||
| 003 | BD-RjUL | ||
| 005 | 20211209051212.0 | ||
| 008 | 140327s1968 caub 000 0 eng | ||
| 035 | _a(BD-RjUL)27862 | ||
| 040 |
_aLC _beng _cLC _dTOC _dBD-RjUL |
||
| 041 | _aeng | ||
| 082 | 0 | 0 |
_a309.1545 _bTAP 1968 |
| 100 | 1 |
_aTandon, Prakash. _985293 |
|
| 245 | 1 | 0 |
_aPunjabi century, 1857-1947 / _cPrakash Tandon ;With a foreword by Maurice Zinkin. |
| 260 |
_aBerkeley : _bUniversity of California Press, _c1968. |
||
| 300 |
_a274 p. : _bmap. _c20 cm. |
||
| 500 | _aSequel: Beyond Punjab, 1937-1960. | ||
| 651 | 0 |
_aPunjab (India) _xSocial life and customs. _985294 |
|
| 942 |
_2ddc _cBK |
||
| 999 |
_c27783 _d27783 |
||